Statistiques concernant Carte du monde QUIZ

Cliquez ici pour prendre le quiz!

Statistiques générales

  • Ce quiz a été pris 266 fois
  • Le résultat moyen est 99 sur 189

Réponses sur la Carte

Les réponses sont colorées sur une échelle allant du rouge au vert en fonction du pourcentage des utilisateurs qui les ont devinées à leur premier essai. Vous pouvez retrouver ces pourcentages ci-dessous.
 

Statistiques - réponses

Réponse% Correct
Afrique du Sud
79%
Algérie
76%
Australie
76%
Etats-Unis
76%
Argentine
74%
Arabie Saoudite
73%
Tunisie
73%
Allemagne
72%
Canada
72%
Venezuela
72%
Brésil
71%
Chili
70%
Malte
70%
Turquie
69%
Uruguay
69%
Cap-Vert
68%
Chine
68%
Corée du Nord
68%
Corée du Sud
68%
Inde
68%
Maroc
68%
Belgique
67%
France
67%
Japon
67%
Mexique
67%
Nouvelle-Zélande
67%
Finlande
66%
Libye
66%
Madagascar
66%
Royaume-Uni
66%
Biélorussie
65%
bolivie
65%
Danemark
65%
Égypte
65%
Espagne
65%
Italie
65%
Mongolie
65%
Paraguay
65%
Pérou
65%
Russie
65%
Autriche
64%
Colombie
64%
Équateur
64%
Islande
64%
Indonésie
63%
Irlande
63%
Pays-Bas
63%
Portugal
63%
Viêt Nam
63%
Norvège
62%
Suède
62%
Grèce
61%
Kazakhstan
61%
Pologne
61%
Soudan
61%
Sri Lanka
61%
Suisse
61%
Ukraine
61%
Estonie
60%
Népal
60%
Oman
60%
Somalie
60%
Soudan du Sud
60%
Birmanie
59%
Cuba
59%
Émirats arabes unis
59%
Lettonie
59%
Mauritanie
59%
Niger
59%
Pakistan
59%
Thaïlande
59%
Yémen
59%
Afghanistan
58%
Irak
58%
Lituanie
58%
Mali
58%
Suriname
58%
Taïwan
58%
Iran
57%
Laos
57%
Malaisie
57%
Angola
56%
Cambodge
56%
Luxembourg
56%
Roumanie
56%
Croatie
55%
Éthiopie
55%
Guyana
55%
Panama
55%
Papouasie-Nouvelle-
Guinée
55%
Philippines
55%
République tchèque
55%
Tchad
55%
Cypre
54%
République
Centrafricaine
54%
Bahamas
53%
Bangladesh
53%
République démocratique
du Congo
53%
Syrie
53%
Albanie
52%
Hongrie
52%
Maldives
52%
Nigeria
52%
Slovénie
52%
Bhoutan
51%
Burkina Faso
51%
Érythrée
51%
Haïti
51%
Kenya
51%
Zimbabwe
51%
Bulgarie
50%
Jordanie
50%
Sao Tomé-et-Principe
50%
Sénégal
50%
Slovaquie
50%
Zambie
50%
Arménie
49%
Azerbaïdjan
49%
Botswana
49%
Cameroun
49%
Comores
49%
Kosovo
49%
Moldavie
49%
Mozambique
49%
République du Congo
49%
Tanzanie
49%
Togo
49%
Belize
48%
Île Maurice
48%
Jamaïque
48%
Koweït
48%
Lesotho
48%
Malawi
48%
Ouganda
48%
Ouzbékistan
48%
République dominicaine
48%
Salvador
48%
Bosnie-Herzégovine
47%
Eswatini
47%
Namibie
47%
Turkménistan
47%
Bénin
45%
Côte d'Ivoire
45%
Kirghizistan
45%
Liberia
45%
Serbie
45%
Seychelles
45%
Djibouti
44%
Guatemala
44%
Israël
44%
Macédoine
44%
Costa Rica
43%
Géorgie
43%
Qatar
43%
Rwanda
43%
Burundi
42%
Ghana
42%
Sierra Leone
42%
Timor oriental
42%
Gabon
41%
Nicaragua
41%
Tadjikistan
41%
Guinée équatoriale
40%
Honduras
40%
Liban
40%
Monténégro
40%
Guinée
39%
Guinée-Bissau
38%
Nauru
37%
Trinité-et-Tobago
36%
Kiribati
35%
Micronésie
35%
Fidji
31%
Palaos
31%
Gambie
27%
Bahreïn
24%
Salomon
23%
Samoa
22%
Tonga
22%
Îles Marshall
21%
Tuvalu
21%
Vanuatu
21%
Antigua-et-Barbuda
17%
Barbade
17%
Grenade
15%
Sainte-Lucie
15%
Saint-Vincent-et-les-
Grenadines
14%
Saint-Christophe-
et-Niévès
13%
Dominique
12%

Distribution des résultats

Percentile par nombre de réponses

% des personnes avec chaque résultat

Votre développement - résultats

Vous n’avez pas pris ce quiz